000
00296nam a2200121Ia 4500
008
190216s9999||||xx |||||||||||||| ||und||
100
_a
Frederick A Ekeblad
245
0
_a
Statistical Method In Business
260
_b
John Wiley & Sons
_c
1962
300
_a
791p
650
_a
Statistics
942
_c
BK
999
_c
4467
_d
4467